<?xml version="1.0" encoding="UTF-8"?><?xml-stylesheet type="text/xsl" href="static/style.xsl"?><OAI-PMH xmlns="http://www.openarchives.org/OAI/2.0/" xmlns:xsi="http://www.w3.org/2001/XMLSchema-instance" xsi:schemaLocation="http://www.openarchives.org/OAI/2.0/ http://www.openarchives.org/OAI/2.0/OAI-PMH.xsd"><responseDate>2026-04-14T02:19:50Z</responseDate><request verb="GetRecord" identifier="oai:www.recercat.cat:10459.1/63126" metadataPrefix="marc">https://recercat.cat/oai/request</request><GetRecord><record><header><identifier>oai:recercat.cat:10459.1/63126</identifier><datestamp>2024-12-05T22:26:44Z</datestamp><setSpec>com_2072_3622</setSpec><setSpec>col_2072_479130</setSpec></header><metadata><record xmlns="http://www.loc.gov/MARC21/slim" xmlns:dcterms="http://purl.org/dc/terms/" xmlns:xsi="http://www.w3.org/2001/XMLSchema-instance" xmlns:doc="http://www.lyncode.com/xoai" xsi:schemaLocation="http://www.loc.gov/MARC21/slim http://www.loc.gov/standards/marcxml/schema/MARC21slim.xsd">
   <leader>00925njm 22002777a 4500</leader>
   <datafield ind2=" " ind1=" " tag="042">
      <subfield code="a">dc</subfield>
   </datafield>
   <datafield ind2=" " ind1=" " tag="720">
      <subfield code="a">Duran Delgado, Conxita</subfield>
      <subfield code="e">author</subfield>
   </datafield>
   <datafield ind2=" " ind1=" " tag="720">
      <subfield code="a">Lavega i Burgués, Pere</subfield>
      <subfield code="e">author</subfield>
   </datafield>
   <datafield ind2=" " ind1=" " tag="720">
      <subfield code="a">Salas Santandreu, Cristòfol</subfield>
      <subfield code="e">author</subfield>
   </datafield>
   <datafield ind2=" " ind1=" " tag="720">
      <subfield code="a">Tamarit, Montserrat</subfield>
      <subfield code="e">author</subfield>
   </datafield>
   <datafield ind2=" " ind1=" " tag="720">
      <subfield code="a">Invernó i Curós, Josep</subfield>
      <subfield code="e">author</subfield>
   </datafield>
   <datafield ind2=" " ind1=" " tag="260">
      <subfield code="c">2018-04-19T12:58:51Z</subfield>
   </datafield>
   <datafield ind2=" " ind1=" " tag="260">
      <subfield code="c">2018-04-19T12:58:51Z</subfield>
   </datafield>
   <datafield ind2=" " ind1=" " tag="260">
      <subfield code="c">2015</subfield>
   </datafield>
   <datafield ind2=" " ind1=" " tag="520">
      <subfield code="a">Los juegos deportivos son recursos pedagógicos de&#xd;
primer orden cuando se trata de educar competencias&#xd;
emocionales orientadas a la mejora del bienestar socioemocional&#xd;
del alumnado. Esta investigación examinó&#xd;
la capacidad predictiva de seis variables dominio acción&#xd;
motriz (familia de juegos), competición (presencia o ausencia),&#xd;
género (masculino y femenino), tipo de emoción&#xd;
(trece emociones organizadas en positivas, negativas y&#xd;
ambiguas) e historial deportivo (con o sin historial) para&#xd;
explicar la intensidad emocional suscitada en la práctica&#xd;
de juegos deportivos. Participaron 220 estudiantes de&#xd;
ESO y Bachillerato de 5 centros educativos de las regiones&#xd;
de Cataluña y Valencia. Se realizaron 2 sesiones con&#xd;
juegos con o sin competición de los cuatro dominios de&#xd;
acción motriz. Tras finalizar cada juego los alumnos respondieron&#xd;
la escala validada Games and emotions Scale&#xd;
(GES) para identificar la intensidad de trece emociones&#xd;
básicas. El análisis de los datos se realizó mediante la&#xd;
técnica estadística de árboles de clasificación. Entre los&#xd;
hallazgos obtenidos destacamos: los juegos deportivos&#xd;
generan intensidades elevadas de emociones positivas.&#xd;
El tipo de juego (dominio) y la competición son las principales&#xd;
variables predictivas de la alegría, el humor y la&#xd;
felicidad. Las emociones negativas registraron los valores&#xd;
menos intensos. La competición (derrota) y el historial&#xd;
deportivo (disponer de antecedentes deportivos)&#xd;
fueron las principales variables predictivas de la ira y la&#xd;
ansiedad. El género (chicos) y el historial deportivo (con&#xd;
historial) fueron las principales variables predictivas del&#xd;
rechazo. Este estudio aporta criterios sobre la utilización&#xd;
del juego deportivo en programas de educación&#xd;
física emocional en adolescentes.</subfield>
   </datafield>
   <datafield ind2=" " ind1=" " tag="520">
      <subfield code="a">Sports games are first-rate teaching resources in&#xd;
relation to the education of emotional skills used to&#xd;
improve the socio-emotional welfare of students. This&#xd;
research tested the predictive capacity of six motive&#xd;
action domain variables (family of games), competition&#xd;
(presence or absence), gender (masculine or feminine),&#xd;
type of emotion (thirteen emotions classified under&#xd;
positive, negative and ambiguous) and sporting history&#xd;
(with or without records) to explain the emotional&#xd;
intensity achieved by sports games practice. Two&#xd;
hundred and twenty students of ESO and Bachillerato&#xd;
from 5 schools in Catalonia and Valencia took part in&#xd;
the study. Two sessions with games with or without&#xd;
competition of the four motive action controls were&#xd;
carried out. After finishing each game, the students&#xd;
answered the validated Games and Emotions Scale&#xd;
(GES) to identify the intensity of thirteen basic&#xd;
emotions. The analysis of the data was made using&#xd;
the classification tree statistical method. Key findings&#xd;
highlight that sports games generate a high intensity&#xd;
of positive emotions. The type of game (control)&#xd;
and competition are the main predictive variables of&#xd;
joy, mood and happiness. Negative emotions were&#xd;
recorded to be less intense. Competition (defeat) and&#xd;
sporting history (having a sports background) were the&#xd;
main predictive variables of anger and anxiety. Gender&#xd;
(boys) and sporting history (with record) were the main&#xd;
predictive variables of rejection. This research provides&#xd;
a useful criteria for using sports games in emotional&#xd;
physical education plans with teenagers.</subfield>
   </datafield>
   <datafield ind1="8" ind2=" " tag="024">
      <subfield code="a">http://hdl.handle.net/10459.1/63126</subfield>
   </datafield>
   <datafield tag="653" ind2=" " ind1=" ">
      <subfield code="a">Educación secundaria</subfield>
   </datafield>
   <datafield tag="653" ind2=" " ind1=" ">
      <subfield code="a">Juego deportivo</subfield>
   </datafield>
   <datafield tag="653" ind2=" " ind1=" ">
      <subfield code="a">Emociones</subfield>
   </datafield>
   <datafield tag="653" ind2=" " ind1=" ">
      <subfield code="a">Árboles de clasificación</subfield>
   </datafield>
   <datafield tag="653" ind2=" " ind1=" ">
      <subfield code="a">Secondary education</subfield>
   </datafield>
   <datafield tag="653" ind2=" " ind1=" ">
      <subfield code="a">Sports games</subfield>
   </datafield>
   <datafield tag="653" ind2=" " ind1=" ">
      <subfield code="a">Emotions</subfield>
   </datafield>
   <datafield tag="653" ind2=" " ind1=" ">
      <subfield code="a">Chaid classification trees</subfield>
   </datafield>
   <datafield ind2="0" ind1="0" tag="245">
      <subfield code="a">Educación Física emocional en adolescentes. Identificación de variables predictivas de la vivencia emocional</subfield>
   </datafield>
   <datafield ind2="0" ind1="0" tag="245">
      <subfield code="a">Emotional Physical Education in adolescents. Identifying predictors of emotional experience</subfield>
   </datafield>
</record></metadata></record></GetRecord></OAI-PMH>